[Event "TUR-UKR Friendly Team Match"]
[Site "Online"]
[Date "2021.01.17"]
[Round "2.1"]
[White "Kukelko, Alexey"]
[Black "Can, Isik"]
[Result "1-0"]
[WhiteElo "2307"]
[BlackElo "2380"]
[Annotator "TA"]
[PlyCount "51"]
[EventDate "2021.01.17"]
[EventType "team-tourn"]
[EventCountry "NET"]
[SourceTitle "playchess.com"]
[Source "ChessBase"]
[SourceQuality "1"]
[WhiteTeam "Ukraine"]
[BlackTeam "Turkey"]
[WhiteTeamCountry "UKR"]
[BlackTeamCountry "TUR"]

{[%evp 11,51,15,21,12,14,9,12,8,18,14,8,8,7,0,0,0,0,0,20,12,27,9,19,0,0,0,0,0,108,0,0,0,0,0,0,0,1283,1289,1725,1760,6199,5785]} 1. e4 c6 2. d4 d5 3. e5 Bf5 4. h4 h5 5. Bd3 Bxd3 6. Qxd3 e6 7. Bg5 {B12: Caro-Kann: Advance Variation.} Be7 8. Nf3 Nh6 9. Bxh6 $1 {[%mdl 4] The position is equal. now scores much better than the old 9.Nc3.} Rxh6 10. Nbd2 Rg6 11. g3 c5 {[#]} 12. dxc5 $146 ({Predecessor:} 12. c4 dxc4 13. Nxc4 Nc6 14. O-O-O cxd4 15. Kb1 Rc8 16. a3 Qd5 17. Rc1 Rd8 18. Rhe1 {1-0 (27) Corrales Jimenez,F (2532)-Can,I (2380) Chess.com INT 2020}) 12... Nd7 13. Nb3 Qc7 14. O-O O-O-O 15. Rfe1 Rg4 16. Qh7 Bxc5 17. Kg2 Nf6 18. exf6 Bxf2 $1 19. Ne5 ({Avoid the trap} 19. Kxf2 $2 Qxg3+ 20. Ke3 Re4+ 21. Qxe4 dxe4 $19) 19... gxf6 (19... Bxe1 $11 {keeps the balance.} 20. Rxe1 Re4 {[%mdl 64] Decoy} 21. Rxe4 Qxc2+ {[%mdl 64] Pin} 22. Kh3 dxe4 23. Qxh5 (23. fxg7 Qb1 $11) 23... gxf6 24. Nxf7 Qd1 25. Qc5+ {[%mdl 64] Double Attack} Kb8 26. Nxd8 Qh1+ 27. Kg4 Qd1+ 28. Kh3 Qh1+ 29. Kg4 Qd1+ 30. Kh3) 20. Kxf2 (20. Qxf7 $16 Qxf7 21. Nxf7 {[%mdl 64] Discovered Attack} Bxe1 22. Nxd8 (22. Rxe1 Rd7 $17) 22... Rxg3+ 23. Kf1) 20... fxe5 $11 21. Qxh5 f5 {[#] ...Qg7 is the strong threat.} 22. Qh6 e4 23. Re3 {Threatens to win with Rc3.} Rdg8 $2 {[%mdl 8192]} ({Not} 23... Qxc2+ $2 24. Re2 $18) (23... Qb6 $11 24. Kg2 d4 25. Nxd4 Rxd4) 24. Rc3 $18 {White is clearly winning.} e3+ 25. Qxe3 Rc4 26. Qxe6+ {[%mdl 64] Double Attack.  Weighted Error Value: White=0.11/Black=0.18} 1-0

[Event "TUR-UKR Friendly Team Match"]
[Site "Online"]
[Date "2021.01.17"]
[Round "2.1"]
[White "Mitusov, Semen"]
[Black "Kamer, Kayra"]
[Result "0-1"]
[WhiteElo "2297"]
[BlackElo "2339"]
[Annotator "TA"]
[PlyCount "128"]
[EventDate "2021.01.17"]
[EventType "team-tourn"]
[EventCountry "NET"]
[SourceTitle "playchess.com"]
[Source "ChessBase"]
[SourceQuality "1"]
[WhiteTeam "Ukraine"]
[BlackTeam "Turkey"]
[WhiteTeamCountry "UKR"]
[BlackTeamCountry "TUR"]

{[%evp 11,128,24,36,15,43,0,11,0,14,9,21,-40,-40,-48,-8,-32,-39,-47,19,-9,10,-57,-60,-93,-47,-48,-47,-43,-50,-48,-48,-142,-116,-179,-181,-225,-225,-213,-219,-220,-230,-215,-210,-209,-158,-158,-166,-158,-116,-113,-109,-117,-98,-112,-36,-36,-36,-35,-36,-36,-36,-36,-35,-36,-36,-79,-28,-37,-9,-9,0,0,0,-74,-70,-78,-77,-85,-74,-191,-95,-178,-159,-390,-375,-365,-351,-308,-240,-238,-238,-219,-206,-311,-285,-269,-271,-193,-152,-450,-442,-666,-666,-590,-347,-333,-156,-386,-387,-363,-233,-233,-235,-517,-509,-491,-180,-568,-568]} 1. e4 c5 2. c3 d5 3. exd5 Qxd5 4. d4 g6 5. Nf3 Bg7 6. Na3 {[%cal Bb1a3,Ba3b5,Bb5c3][%mdl 32]} cxd4 7. Nb5 {B06: Modern Defence.} Na6 8. cxd4 Nf6 9. Nc3 {The position is equal.} Qa5 10. Bc4 O-O {[#]} 11. h3 $146 (11. O-O $11) ({Predecessor:} 11. O-O Nc7 12. Bd2 Qb6 13. Bf4 Be6 14. Bxc7 Qxc7 15. Bxe6 fxe6 16. Qe2 Nh5 17. Qxe6+ {1-0 (33) Theissl Pokorna,R (2363)-Rajlich,I (2379) Aviles 2000}) 11... Ne4 $15 12. Qb3 Nxc3 13. bxc3 {[#]} (13. Qxc3 {keeps more tension.} Qb6 14. O-O Nc7 15. Rd1 Be6 16. b3) 13... Nc5 $1 14. Qa3 Na4 (14... Qxa3 $15 15. Bxa3 Be6) 15. Bd2 $11 b5 16. Bb3 (16. Be2 $11) 16... Bb7 $15 17. c4 Qd8 18. Bxa4 Bxf3 19. Qxf3 Qxd4 20. Rc1 bxa4 21. Bf4 (21. Rc2 $15) 21... Rac8 22. Be3 (22. O-O $17) 22... Qb2 $19 23. O-O Qxa2 24. c5 a3 25. Qe4 Qe6 26. Qxe6 fxe6 27. Rc2 Rc6 28. Bc1 Ra6 {[#] aiming for ...a2.} 29. Ra2 Rb8 30. Rxa3 Rxa3 31. Bxa3 $17 {[%mdl 4096] Endgame KRB-KRB} Rb3 32. Bc1 Rc3 (32... Kf7 $17 33. c6 Rc3) 33. Be3 $1 $15 a5 {[%cal Ba7a5,Ba5a4,Ba4a3][%mdl 32]} 34. Rb1 a4 35. Rb6 a3 36. Ra6 Be5 37. g4 Kf7 38. Kg2 h5 (38... Ke8 $17) 39. Kf3 Rb3 40. Ke4 Bb2 41. c6 Rc3 42. Bf4 (42. g5 $11 {remains equal.}) 42... Rc4+ $17 43. Kf3 e5 44. Be3 e4+ 45. Kg2 (45. Kf4 $17) 45... Rc2 (45... Ke6 $19 46. c7+ Kd7) 46. gxh5 (46. Kf1 $17) 46... gxh5 $19 47. h4 $2 (47. Kf1 $17 {might work better.}) 47... Ke6 48. c7+ Kd7 49. Bb6 e3 50. Bxe3 {Now Bb6 and White clings on.} Kxc7 ({Resist} 50... Rxc7 51. Kf3) 51. Kf3 Rc4 52. Kg3 (52. Kg2 {is a better defense.}) 52... Kb7 53. Rb6+ Kc8 54. Ra6 Be5+ 55. Kh3 $2 (55. Kf3 $17) 55... Bd6 56. Ra5 (56. Kg2 $142 Kb7 57. Rb6+ Kc7 58. Ra6) 56... Rc2 57. Bd4 Rd2 58. Be3 Re2 (58... Rd3 $19 {and Black stays clearly on top. Threatens to win with ...Kb7.} 59. Kg2 Rc3) 59. Kg2 $2 {Loses the game.} (59. Bc5 $17) 59... a2 {...Be5! is the strong threat.} 60. Kf3 Rc2 {Hoping for ...Be5!} 61. Ke4 Bb4 62. Ra8+ (62. Ra6 {keeps fighting.}) 62... Kb7 63. Ra7+ Kb8 $2 (63... Kc6 {White must now prevent ...Kb5.} 64. Ra8 Kb5) 64. Bd4 $2 (64. Ra4 Kc7 65. Bd4) 64... Bc3 {Weighted Error Value: White=0.48/Black=0.29} 0-1

[Event "TUR-UKR Friendly Team Match"]
[Site "Online"]
[Date "2021.01.17"]
[Round "2.1"]
[White "Berdnyk, Mariia"]
[Black "Kocyigit, Buse Naz"]
[Result "1/2-1/2"]
[WhiteElo "2289"]
[BlackElo "2143"]
[Annotator "TA"]
[PlyCount "84"]
[EventDate "2021.01.17"]
[EventType "team-tourn"]
[EventCountry "NET"]
[SourceTitle "playchess.com"]
[Source "ChessBase"]
[SourceQuality "1"]
[WhiteTeam "Ukraine"]
[BlackTeam "Turkey"]
[WhiteTeamCountry "UKR"]
[BlackTeamCountry "TUR"]

{[%evp 18,84,67,59,53,50,57,58,49,23,61,62,65,68,63,61,67,60,70,68,58,22,21,19,83,16,32,0,0,-7,14,0,8,13,49,67,67,-156,-156,-137,-133,-1110,347,314,444,-14,-13,-16,-11,-26,0,0,0,-85,-68,-199,-201,-667,-650,-625,-141,-149,-96,-89,0,-135,0,-81,0]} 1. d4 Nf6 2. c4 g6 3. Nc3 Bg7 4. e4 d6 5. Be2 O-O 6. Nf3 Bg4 7. Be3 Nfd7 8. Rc1 c5 9. d5 Na6 10. O-O Nc7 {E91: King's Indian: Classical: 6 Be2, unusual replies including 6...c5 and 6...Bg4.} 11. h3 Bxf3 12. Bxf3 a6 {White is slightly better.} 13. a4 Re8 14. Qd2 e6 15. Bg5 Qb8 16. Be2 exd5 17. exd5 {[#]} b5 $146 ({Predecessor:} 17... f5 18. g4 fxg4 19. hxg4 Nf6 20. Bh6 Bxh6 21. Qxh6 Qd8 22. Bf3 Rf8 23. g5 Nfe8 {1-0 (38) Markos,J (2546)-Antoniewski,R (2604) Slovakia 2011}) 18. axb5 axb5 19. Nxb5 (19. cxb5 {seems wilder.} Nb6 20. Rfe1 Qc8 21. Be3 Qd7 22. Bf1) 19... Nxb5 20. cxb5 Nb6 (20... Ra2 $11) 21. Rfe1 (21. b3 $16) 21... Ra4 {[%cal Ba8a4,Ba4b4,Bb4b3,Bb3f3][%mdl 32]} 22. Be3 Rb4 23. Rc2 Qb7 24. Rd1 Re5 25. Qc1 Rxd5 (25... Nxd5 $6 26. Bf3 $16) 26. Bd2 Rb3 27. Bf3 $2 {[#]} (27. Qa1 $14 {stays ahead.}) 27... Rxf3 $1 $17 {[%mdl 512]} 28. gxf3 Rh5 $1 {[%csl LRf3,LRh3]} 29. Bc3 $2 {[%mdl 8192]} (29. Re1 $17 Qd7 30. h4) 29... Bh6 $4 {[%mdl 8192]} (29... Qxf3 $19 {and life is good for Black.} 30. Rd3 Qxd3) 30. Rxd6 $18 {Threatening mate with Qxh6!} Bf8 (30... Nd7 $142 31. Qd1 Nf8) 31. Rc6 $2 {[#]} (31. Rd8 $18 Qe7 32. Qd2) 31... Qd7 $1 32. Qf1 (32. Rxb6 $2 Qxh3 33. Rxg6+ fxg6 34. Bf6 Qh1#) 32... Nd5 33. Bd2 Qf5 34. Rc1 Qxf3 $40 {[%mdl 128] Black has some attack.} 35. Qg2 (35. Re1 $11 {keeps the balance.}) 35... Qd3 $17 {[%mdl 1024] Black has strong compensation.} 36. f3 (36. Rd1 $1 $15 Nf4 37. Bxf4 Qxd1+ 38. Qf1) 36... Ne3 $19 37. Qf2 (37. Rc3 Qxb5 {[%mdl 64] Double Attack} 38. Rxe3 Qxc6 39. Bc3) 37... Rg5+ $1 38. Kh1 {[#]} Qf5 $1 39. Kh2 $17 Qf4+ (39... Rg2+ $142 40. Qxg2 Nxg2 41. Kxg2 Qe5) 40. Kh1 Qf5 41. Kh2 {[#]} Qf4+ (41... Rh5 $142 $1 42. Qg3 (42. Qxe3 {gets mated.} Qxh3+ 43. Kg1 Qh1+ 44. Kf2 Rh2+ 45. Kg3 Rg2+ 46. Kf4 Qh4+ 47. Ke5 Rg5+ {[%mdl 64] Deflection} 48. Qxg5 Qd4#) 42... Rg5 43. Bxe3 Rxg3 44. Kxg3 Be7) 42. Kh1 {[#]} Qf5 {Weighted Error Value: White=0.85/Black=0.48} 1/2-1/2

[Event "TUR-UKR Friendly Team Match"]
[Site "Online"]
[Date "2021.01.17"]
[Round "2.1"]
[White "Yurovskykh, Oleksandr"]
[Black "Angun, Batu"]
[Result "0-1"]
[WhiteElo "2260"]
[BlackElo "2326"]
[Annotator "TA"]
[PlyCount "52"]
[EventDate "2021.01.17"]
[EventType "team-tourn"]
[EventCountry "NET"]
[SourceTitle "playchess.com"]
[Source "ChessBase"]
[SourceQuality "1"]
[WhiteTeam "Ukraine"]
[BlackTeam "Turkey"]
[WhiteTeamCountry "UKR"]
[BlackTeamCountry "TUR"]

{[%evp 11,52,0,5,1,21,7,22,2,8,0,0,0,14,7,5,0,0,-20,0,4,31,30,33,19,8,22,20,-9,-17,0,-17,-77,-93,-139,-119,-126,-116,-188,-176,-217,-204,-1187,-1156]} 1. d4 Nf6 2. Nf3 g6 3. Bg5 Bg7 4. Nbd2 O-O 5. c3 d6 6. e4 c5 7. d5 {A48: 1 d4 Nf6 2 Nf3 g6: Torre, London and Colle Systems.} h6 {7...e6 is the modern continuation.} 8. Bh4 e6 9. dxe6 {The position is equal.} Bxe6 10. Bd3 Nc6 11. O-O Re8 12. Re1 {[#]} Qd7 $146 ({Predecessor:} 12... Qc7 13. Bc4 Rad8 14. h3 a6 15. a4 g5 16. Bxe6 Rxe6 17. Bg3 Qe7 18. Qc2 Re8 {1-0 (50) Mamedyarov,S (2808)-Vachier Lagrave,M (2789) Paris 2018}) 13. Qc2 Nh5 14. Bc4 (14. a4 {is more complex.} Rab8 15. Rad1 a6 16. Nc4 b5 17. axb5 axb5 18. Ne3) 14... g5 15. Bg3 Nxg3 16. hxg3 Rad8 17. Rad1 a6 18. a4 g4 19. Nh2 Ne5 20. Bd5 c4 21. b3 (21. Re2 $11 {keeps the balance.}) 21... cxb3 $17 22. Qxb3 Nd3 {And now ...Bxd5 would win.} 23. Bxe6 Rxe6 24. Re3 (24. Nxg4 $17 Nxe1 25. Rxe1) 24... Nc5 $1 $19 {[%csl LRa4,LRb3][%mdl 64] [#] Double Attack} 25. Qb4 Qxa4 26. Nxg4 $2 (26. Rb1) 26... Qxd1+ {[%mdl 64] Double Attack.  Weighted Error Value: White=0.54/Black=0.03} 0-1

[Event "TUR-UKR Friendly Team Match"]
[Site "Online"]
[Date "2021.01.17"]
[Round "2.1"]
[White "Bondar, Dmytro"]
[Black "Isik, Alparslan"]
[Result "1-0"]
[WhiteElo "2257"]
[BlackElo "2321"]
[Annotator "TA"]
[PlyCount "102"]
[EventDate "2021.01.17"]
[EventType "team-tourn"]
[EventCountry "NET"]
[SourceTitle "playchess.com"]
[Source "ChessBase"]
[SourceQuality "1"]
[WhiteTeam "Ukraine"]
[BlackTeam "Turkey"]
[WhiteTeamCountry "UKR"]
[BlackTeamCountry "TUR"]

{[%evp 17,102,0,-24,-35,0,-22,-18,-30,-29,-92,0,0,0,0,-41,-42,-19,-2,55,37,55,56,160,146,151,148,162,161,135,0,143,146,159,0,0,0,0,0,8,8,8,8,7,7,7,10,3,0,57,-8,0,0,6,-17,-14,-20,-23,-37,-39,-708,0,0,0,0,0,-18,304,304,304,303,293,285,286,278,263,222,456,427,444,435,483,470,702,695,648,608,1376]} 1. e4 c5 2. Nf3 d6 3. d4 cxd4 4. Nxd4 Nf6 5. Nc3 a6 6. Bg5 e6 7. f4 Qc7 8. Qf3 {8.Bxf6 is the fancy move.} b5 9. O-O-O {9.Bxf6 is vanishing.} b4 10. Nb1 {B96: Sicilian Najdorf: 6 Bg5 e6 7 f4, lines other than 7...Qb6 and 7...Be7.} Bb7 11. Bd3 (11. Bxf6 $5 gxf6 12. Nd2 $11) 11... Nbd7 12. Rhe1 {The position is equal.} Be7 13. Qh3 {[#]} (13. Nd2 $11 {remains equal.}) 13... h6 $146 (13... Nc5 $1 $17 {[%cal Rf6e4]} 14. e5 dxe5 15. fxe5 Nfe4 16. Bxe7 Qxe7 17. Bxe4 Nxe4) ({Predecessor:} 13... Rc8 14. Nd2 Nc5 15. Kb1 h6 16. e5 dxe5 17. fxe5 Nxd3 18. cxd3 Nd5 19. Bxe7 Qxe7 20. Nc4 {0-1 (55) Peyrer,K (2265)-Platzgummer,F (2336) Playchess.com INT 2020}) 14. e5 $15 dxe5 15. Nxe6 fxe6 16. Bg6+ Kd8 17. fxe5 Nd5 ({Better is} 17... Nh7 $1 $11 18. Bxe7+ Kxe7 19. Qh4+ Ng5 20. Qxb4+ Nc5) 18. Bxe7+ $14 Nxe7 19. Qxe6 Nxg6 (19... Bc6 $14) 20. Qxg6 $16 {And now e6 would win.} Kc8 ({Not} 20... Rc8 $2 21. c3 $18) 21. Qxg7 Re8 {[%cal Rd7e5]} 22. Qf7 {[%mdl 1024] White has strong compensation.} Rf8 23. Qg7 (23. Qe7 $16 Rh8 24. e6) 23... Rf2 (23... Re8 $1 $11) 24. Qh8+ Nf8 {[%csl Gc7][%cal Rf2c2,Bd7f8,Bf8h7,Bh7f6][%mdl 32]} 25. Nd2 $2 (25. Rd2 $16 Qc5 26. e6) 25... Qh7 $1 $11 {[%cal Rh7h8]} ({Of course not} 25... Bxg2 $6 26. e6 $16) 26. Qxh7 Nxh7 27. e6 Kc7 28. Ne4 Bxe4 29. Rxe4 {Hoping for Rd7+.} Nf6 30. Rc4+ Kb6 31. Rxb4+ Kc5 32. Rh4 h5 (32... Re8 $11) 33. h3 ({White should play} 33. b3 $14) 33... Re8 34. Re1 Rxg2 35. Rf4 Nd5 36. Rf5 Kc6 $1 {...Nb4 is the strong threat.} 37. c3 Rh2 38. Rxh5 $2 {[%mdl 8192]} (38. e7 $15) 38... Rg8 $2 (38... Nf4 $19 39. Rhe5 Nd3+ {[%mdl 64] Double Attack} 40. Kb1 Rxb2+ 41. Ka1 Rc2) 39. e7 Nxe7 40. Rh6+ Kd5 {White must now prevent ...Rgg2.} 41. Rh5+ Kc4 $2 {[%mdl 8192]} (41... Kd6 $11) 42. Re4+ $18 Kd3 {( -> ...Rh1+)} 43. Rd4+ Ke3 {aiming for ...Rg1+.} 44. Re5+ {[%mdl 64] [#] Double Attack} Kf3 45. Rxe7 {[%mdl 4096] Endgame KRR-KRR} Rg1+ 46. Rd1 Rgg2 (46... Rxd1+ 47. Kxd1 Rxb2) 47. Rb7 {White is clearly winning.} a5 48. Kb1 a4 49. a3 Ke2 (49... Kf4 $142 50. Rd4+ Ke3 51. Rxa4 Rxh3) 50. Rc1 Kd3 51. c4 Rxh3 {White used his chance.  Weighted Error Value: White=0.36/Black=0.57} 1-0

[Event "TUR-UKR Friendly Team Match"]
[Site "Online"]
[Date "2021.01.17"]
[Round "2.1"]
[White "Vakulenko, Oleksandr"]
[Black "Ozer, Omer Faruk"]
[Result "1/2-1/2"]
[WhiteElo "2256"]
[BlackElo "2317"]
[Annotator "TA"]
[PlyCount "149"]
[EventDate "2021.01.17"]
[EventType "team-tourn"]
[EventCountry "NET"]
[SourceTitle "playchess.com"]
[Source "ChessBase"]
[SourceQuality "1"]
[WhiteTeam "Ukraine"]
[BlackTeam "Turkey"]
[WhiteTeamCountry "UKR"]
[BlackTeamCountry "TUR"]

{[%evp 9,149,45,54,46,42,39,39,39,62,39,48,15,54,39,35,41,35,37,43,45,54,35,33,23,49,17,91,88,120,50,60,65,64,67,59,15,24,0,0,0,19,16,39,19,105,91,138,132,144,124,258,109,99,87,102,98,147,143,160,161,183,188,376,174,195,13,172,0,280,269,226,-65,0,0,141,116,98,112,98,106,104,114,113,106,116,110,289,289,289,281,449,437,435,183,183,50,423,29,35,25,18,21,29,5,5,7,145,110,182,22,31,0,24,11,56,0,0,0,0,0,14,0,0,0,0,0,0,0,0,0,0,0,0,0,0,0,0,0,0,0,0,0]} 1. d4 Nf6 2. c4 g6 3. Nc3 Bg7 4. e4 O-O 5. Be3 c6 6. e5 {E70: King's Indian: Miscellaneous lines with 4 e4, including 5 Nge2 and 5 Bd3 0-0 6 Nge2.} Ne8 7. f4 d6 8. Nf3 {White is slightly better.} f6 9. exd6 exd6 10. Be2 Nc7 11. O-O {[#]} d5 $146 ({Predecessor:} 11... Re8 12. Qd2 d5 13. c5 Bf5 14. b4 a6 15. a4 Nd7 16. Bf2 Bh6 17. b5 axb5 18. axb5 {0-1 (68) Foisor,S (2210)-Hamdouchi,A (2297) Kishinev 2005}) 12. Qb3 Kh8 13. Rfe1 dxc4 14. Bxc4 b5 15. Bf1 Be6 16. Qc2 Nd7 17. Ne4 Bd5 (17... Nb6 $11) 18. f5 $1 $16 Re8 19. Nc3 (19. Nd6 $16) 19... Bxf3 $14 20. gxf3 Nf8 21. Bf2 Qd7 22. Ne4 Nd5 23. Bh3 Nf4 24. Bf1 Rac8 25. Ng3 Bh6 26. Re4 Rxe4 (26... Nd5 $11 {keeps the balance.}) 27. fxe4 $16 Qg7 28. Kh1 Nd7 {[#]} 29. Bxb5 $1 {[%mdl 512]} gxf5 {[#]} (29... Nh3 $16) 30. exf5 (30. Bxc6 Qg4 $1 $11) (30. Be3 $1 $18 {is the precise move to win.} Qg4 31. Rf1 $1) 30... Qg4 {( -> ...Qf3+)} 31. Bf1 (31. Bxc6 Nb8 $17) 31... Qf3+ 32. Kg1 Rg8 33. Qb3 Qg4 34. Re1 Nd5 35. Qc2 c5 $2 (35... N7b6 36. Qxc6 Qxf5) 36. dxc5 (36. Qb3 $142 Nf4 37. Re7 (37. dxc5 Ne5 $16)) 36... Ne5 $18 37. Bg2 (37. Kh1 $18) 37... Nf4 $2 (37... Nb4 $1 $11 {and Black stays safe.} 38. Qe4 Nbd3) 38. Qe4 $2 (38. Re4 $1 $18) 38... Qg7 $2 {[%mdl 8192]} (38... Qh4 $11 39. Nh1 Rxg2+ 40. Qxg2 Qg5) 39. Bd4 $1 Ng4 40. Bf2 $2 ({White should play} 40. Qf3 $18) 40... Nxf2 (40... Qg5 $1 $15 41. Bd4 Nxh2) 41. Kxf2 $11 Rd8 (41... Qd7 $1 $11) 42. Qe8+ Qf8 43. Qxf8+ Bxf8 44. Bf1 {Threatens to win with b4.} Bxc5+ 45. Kf3 Nd3 46. Bxd3 Rxd3+ $16 {[%mdl 4096] Endgame KRB-KRN} 47. Kg4 Bd4 $2 (47... Kg7 $16) 48. Re8+ $18 Kg7 49. Re7+ Kg8 (49... Kh6 $142 50. Rd7 Rd2) 50. Rd7 Rd2 51. Nh5 (51. Ne4 $142 h5+ 52. Kh3 (52. Kxh5 Rxh2+ 53. Kg4 Bxb2 $16)) 51... Rg2+ 52. Kf3 (52. Kh3 $18 Rg5 53. Rd8+ (53. Rxd4 Rxh5+ 54. Kg3 Rxf5 $16) 53... Kf7 54. Rxd4 Rxh5+ 55. Rh4 Rxf5 56. Rxh7+ Ke6 57. Rxa7) 52... Rg5 {[%mdl 8192] [#]} (52... Rxh2 $14 53. Rd8+ (53. Rxd4 Rxh5 54. Rd8+ Kg7 $11) 53... Kf7) 53. Ng3 $2 ({Not} 53. Rxd4 Rxh5 54. Rd8+ Kg7 $16) (53. h4 $1 $18 {[%cal Rh4g5]} Rxh5 54. Kg4 (54. Rxd4 Rxf5+ 55. Kg4 Ra5 $11)) 53... Bxb2 $11 54. h4 Rg7 55. Rd8+ Kf7 56. Nh5 Rg1 $1 57. Rd7+ Ke8 (57... Kg8 $11 {remains equal.}) 58. Rxh7 Bd4 (58... a5 $16) 59. Ng3 $2 (59. Nf4 $18) 59... Be5 60. Rg7 (60. Ne2 {is interesting.} Rf1+ 61. Kg2 Re1 62. Kf2 Rh1 63. h5) 60... Kf8 61. Rg6 Ra1 62. Ne4 (62. Nh5 $14) 62... Rf1+ {The position is equal.} 63. Nf2 {Hoping for Kg2.} Bd4 64. Rg2 Kf7 (64... Bb6 {looks sharper.} 65. h5 Bxf2 66. Rxf2 Rxf2+ 67. Kxf2 Kg7) 65. h5 (65. Ke2 {with more complications.} Ra1 66. Kd3 Be5 67. Ng4 Rh1 68. Nh6+) 65... Bxf2 66. Rxf2 Rxf2+ 67. Kxf2 {K3P-KPP} Kg7 {aiming for ...Kh6.} 68. Kf3 Kh6 69. Kg4 Kh7 70. a4 a5 71. Kh4 Kh6 72. Kg4 Kh7 73. Kh4 Kh6 74. Kg4 Kh7 75. Kh4 {Weighted Error Value: White=0.58/Black=0.59} 1/2-1/2

[Event "TUR-UKR Friendly Team Match"]
[Site "Online"]
[Date "2021.01.17"]
[Round "2.1"]
[White "Samunenkov, Ihor"]
[Black "Ozenir, Ekin Baris"]
[Result "0-1"]
[WhiteElo "2209"]
[BlackElo "2309"]
[Annotator "TA"]
[PlyCount "126"]
[EventDate "2021.01.17"]
[EventType "team-tourn"]
[EventCountry "NET"]
[SourceTitle "playchess.com"]
[Source "ChessBase"]
[SourceQuality "1"]
[WhiteTeam "Ukraine"]
[BlackTeam "Turkey"]
[WhiteTeamCountry "UKR"]
[BlackTeamCountry "TUR"]

{[%evp 9,126,2,14,20,17,12,48,40,38,30,35,34,58,20,31,26,20,15,11,18,46,50,98,95,99,89,110,35,21,-85,-87,-86,-87,-87,-87,-88,-94,-91,-60,-97,-97,-87,-74,-133,-66,-72,-60,-93,-93,-94,-78,-77,-67,-71,-53,-49,0,-65,-36,-65,-64,-56,0,-53,0,0,0,-29,0,-130,-45,-244,-231,-335,-335,-333,0,0,-22,-401,-354,-551,-527,-487,-461,-407,-8,-8,-8,-49,-8,-8,-8,-8,-8,-8,-8,-447,-374,-29967,-29965,-29982,-29972,-29982,-29972,-29985,-29986,-29986,-29987,-29987,-29987,-29987,-29984,-29984,-29985,-29985,-29986,-29986,-29986]} 1. d4 Nf6 2. g3 d5 3. Nf3 e6 4. Bg2 b5 5. O-O Be7 6. a4 {A46: 1 d4 Nf6 2 Nf3 e6: Torre, London and Colle Systems.} b4 7. c4 c6 {[#]} 8. Bf4 $146 {White is slightly better.} ({Predecessor:} 8. Bg5 O-O 9. Nbd2 h6 10. Bxf6 Bxf6 11. e4 Ba6 12. Qb3 Nd7 13. Rfc1 dxc4 14. Nxc4 {0-1 (51) Milonakis,G (2181)-Matuszewski,M (2408) Krakow 2013}) 8... O-O 9. Nbd2 Nbd7 10. Rc1 Ba6 11. Re1 c5 12. e4 dxe4 13. Nxe4 Nxe4 14. Rxe4 Rc8 15. Re2 Bf6 16. Rd2 $1 Qa5 17. b3 Rfd8 18. Be3 (18. d5 $16 {Strongly threatening dxe6.} exd5 19. Ng5 (19. cxd5 c4 $11) (19. Rxd5 Nf8 $14) 19... Bxg5 20. Bxg5) 18... Bb7 $14 19. Qc2 (19. Ne5 $11 Bxg2 20. Nxd7 Rxd7 21. Kxg2) 19... Bxf3 $17 20. Bxf3 cxd4 21. Bxd4 Bg5 22. Be3 Bxe3 23. fxe3 Ne5 24. Kg2 Rxd2+ $1 25. Qxd2 Rd8 26. Qe2 Nd3 (26... Rd3 $1 $17 {[%cal Rd3b3]} 27. c5 Qc7) 27. Rd1 $15 Nc5 28. Qc2 Rxd1 29. Qxd1 Qc7 30. Qd2 a5 31. Bd1 Qd7 (31... Kf8 {keeps more tension.} 32. Qd4 h5 33. Bc2 e5 34. Qd5 Ke7) 32. Qd4 Qc7 33. Bc2 ({Better is} 33. Qd2 $1 $11) 33... g6 34. Kf2 h5 35. Qf6 Qd6 (35... Nd7 $15 36. Qd4 e5) 36. Qd4 (36. Ke2 $11) 36... Qc6 (36... Qd7 $15) 37. Qd8+ $11 {[%mdl 64] Double Attack} Kg7 38. Qd4+ Kg8 39. e4 (39. Qd8+ $11 Kg7 40. Qxa5) 39... Nd7 (39... Qc7 $17 40. Bd1 e5) 40. e5 $2 {[#]} ({White should try} 40. Qa7 $15) 40... Qc7 $1 $19 41. Qd6 {[#]} (41. Kg2 {was called for.}) 41... Qxd6 $1 42. exd6 {[%mdl 4096] Endgame KB-KN} Nc5 $2 (42... f5 $19 {Threatens to win with ...Kf7.} 43. Bd1 e5) 43. Ke3 $11 {aiming for Kd4.} e5 44. Be4 $2 {[%mdl 8192]} (44. d7 $1 $11 Nxd7 45. Ke4) 44... Kf8 $19 45. Bd5 (45. Bc2 $142) 45... Nxb3 46. d7 Ke7 47. Bxf7 g5 ({Black should play} 47... Nc5 $19 48. Bxg6 Nxa4) 48. Bxh5 $11 Nc5 49. h4 {Threatening Bg4.} gxh4 (49... Kxd7 {is interesting.} 50. Bd1 Ke6 51. h5 b3 52. g4 Kf7) 50. gxh4 {Black should prevent Bg4.} Kxd7 51. Bg4+ Ke7 52. Bd1 Kf6 53. Bc2 $2 {[%mdl 8192]} (53. h5 $11 {and White has nothing to worry.}) 53... b3 $19 54. Bb1 (54. Bd1 $19 b2 55. Bc2) 54... Nxa4 {Black mates.} 55. Kd2 Nc5 56. Kc3 e4 57. h5 e3 58. h6 a4 {[%cal Ba5a4,Ba4a3,Ba3a2][%mdl 32]} 59. h7 Kg7 60. Bf5 a3 61. Bg4 a2 62. Kb2 Nd3+ 63. Ka1 Nb4 {Weighted Error Value: White=0.52/Black=0.32} 0-1